Biblia sacra vulgatae editionis sixti V. & Clementis VIII Pontif. Max. auctoritate recognita versiculis distincta (Record no. 8266)
[ view plain ]
| 000 -CABECERA | |
|---|---|
| campo de control de longitud fija | 01540nam a2200337 a 4500 |
| 001 - NÚMERO DE CONTROL | |
| campo de control | BRCA_8603 |
| 005 - FECHA Y HORA DE LA ÚLTIMA TRANSACCIÓN | |
| campo de control | 20190320210337.0 |
| 008 - DATOS DE LONGITUD FIJA--INFORMACIÓN GENERAL | |
| campo de control de longitud fija | 070916s1741----it-a######---#000-0#lat-# |
| 041 ## - CÓDIGO DE LENGUA | |
| Código de lengua del texto/banda sonora o título independiente | lat |
| 044 ## - CÓDIGO DEL PAÍS DE LA ENTIDAD EDITORA/PRODUCTORA | |
| Código MARC del país | it |
| 050 #4 - SIGNATURA TOPOGRÁFICA DE LA BIBLIOTECA DEL CONGRESO | |
| Número de clasificación | BS75 |
| Número de documento/Ítem | .D84 |
| -- | 1741 |
| 100 1# - ENTRADA PRINCIPAL--NOMBRE DE PERSONA | |
| Nombre de persona | Hamel, Jo Baptista du |
| 9 (RLIN) | 21504 |
| 245 10 - MENCIÓN DE TÍTULO | |
| Título | Biblia sacra vulgatae editionis sixti V. & Clementis VIII Pontif. Max. auctoritate recognita versiculis distincta |
| Resto del título | una cum selectis annotationibus ex optimis quibusque catholicis interpretibus & etiam ex auctoribus heterodoxis in his quae catholicae veritati non sunt contraria excerptis prolegomenis novis tabulis chronologicis historicis & geographicis illustrata |
| Mención de responsabilidad, etc. | Jo Baptista du Hamel, Francisco Luca Brugensi. |
| 260 ## - PUBLICACIÓN, DISTRIBUCIÓN, ETC. | |
| Lugar de publicación, distribución, etc. | Venetiis |
| Nombre del editor, distribuidor, etc. | Ex typographia balleoniana |
| Fecha de publicación, distribución, etc. | 1741 |
| 300 ## - DESCRIPCIÓN FÍSICA | |
| Extensión | T.I, T.II |
| Otras características físicas | il. |
| Dimensiones | 29 cm |
| 500 ## - NOTA GENERAL | |
| Nota general | Fondo antiguo |
| 500 ## - NOTA GENERAL | |
| Nota general | Se encuentra en Caja Fuerte |
| 500 ## - NOTA GENERAL | |
| Nota general | MG-2 |
| 500 ## - NOTA GENERAL | |
| Nota general | Tomo I portada impresa a dos tintas negro y rojo, con grabado en la guarda |
| 500 ## - NOTA GENERAL | |
| Nota general | Contiene prefacio y prólogo |
| 500 ## - NOTA GENERAL | |
| Nota general | Tomo I incluye aprobación de la página xvi |
| 500 ## - NOTA GENERAL | |
| Nota general | Incluye indice |
| 500 ## - NOTA GENERAL | |
| Nota general | Incluye tablas |
| 500 ## - NOTA GENERAL | |
| Nota general | Texto impreso a dos columnas |
| 500 ## - NOTA GENERAL | |
| Nota general | Uso de letras capitulares y viñetas al final de cada capítulo |
| 500 ## - NOTA GENERAL | |
| Nota general | Nota de encuadernación: pasta española |
| 506 0# - NOTA DE RESTRICCIONES AL ACCESO | |
| Limitaciones de acceso | Fondo reservado: para su consulta es necesario credencial de usuario y carta de motivos |
| 650 14 - PUNTO DE ACCESO ADICIONAL DE MATERIA--TÉRMINO DE MATERIA | |
| Término de materia o nombre geográfico como elemento de entrada | Biblia |
| -- | Brugensi, Francisco Luca |
| 9 (RLIN) | 21505 |
| 902 ## - CATALOGADOR | |
| Iniciales | LAR |
| 942 ## - ELEMENTOS DE PUNTO DE ACCESO ADICIONAL (KOHA) | |
| Fuente del sistema de clasificación o colocación | Library of Congress Classification |
| Tipo de ítem Koha | Libros |
| Estado de retiro | Estado de pérdida | Estado dañado | No para préstamo | Localización permanente | Ubicación/localización actual | Fecha de adquisición | Número de inventario | Total de préstamos | Signatura topográfica completa | Código de barras | Fecha visto por última vez | Precio válido a partir de | Tipo de ítem Koha |
|---|---|---|---|---|---|---|---|---|---|---|---|---|---|
| El ejemplar forma parte de la colección y puede ser consultado según las políticas vigentes. | Biblioteca del Museo Franz Mayer (Rogerio Casas-Alatriste) | Biblioteca del Museo Franz Mayer (Rogerio Casas-Alatriste) | 07/09/2016 | MG-2 | BS75 .D84 1741 (MG-2) | LAR00114 | 22/03/2019 | 22/03/2019 | Libros |